000 00302nam a22001217a 4500
008 160504b xxu||||| |||| 00| 0 eng d
020 _a9780534578046
020 _a0534578047
041 _aeng
080 _a612.39
245 _aNutrition concepts and controversies:
_cMargaret Hedley;
942 _2udc
_cBK
999 _c1774
_d1774